000 00198 a2200097 4500
001 8560
100 _aBano Qudsiya
245 _aMard-e-Abresham
260 _a
_bSang-e-Meel
_c
090 _c6887
_d6887
942 _aNUST-CAE
_cM
_c33474
999 _c243633
_d243633